TOP 50 NBA Players 2026 - Statistiques

Statistiques générales
  • Ce quiz a été pris 241 fois
  • Le résultat moyen est 33 sur 50
Statistiques - réponses
Hint Réponse % Correct
Nuggets Jokic
98%
Lakers Doncic
95%
Spurs Wembanyama
91%
Lakers James
89%
Warriors Curry
88%
Pistons Duren
88%
76ers Embiid
88%
Bucks Antetokounmpo
87%
Timberwolves Edwards
86%
Celtics Brown
85%
Pistons Cunningham
84%
76ers Maxey
83%
Rockets Durant
82%
Cavaliers Harden
82%
Cavaliers Mitchell
82%
OKC Gilgeous Alexander
81%
Clippers Leonard
81%
Knicks Brunson
79%
Nuggets Murray
78%
Magics Banchero
74%
Phoenix Booker
74%
Lakers Reaves
73%
Heat Adebayo
70%
Hornets Ball
70%
Pelicans Williamson
69%
Rockets Sengun
67%
Wizzards Davis
63%
Jazz Markkanen
63%
Mavericks Flagg
62%
Pacers Siakam
62%
Rockets Thompson
60%
Raptors Barnes
59%
OKC Holmgren
59%
Cavaliers Mobley
55%
Warriors Butler
54%
Heat Herro
54%
Hawks Johnson
54%
Timberwolves Randle
54%
Magics Wagner
54%
Bulls Giddey
51%
Raptors Ingram
48%
Knicks Anthony Towns
47%
Jazz George
47%
Sacramento Sabonis
46%
Nets Porter Jr
41%
Bucks Porter JR
41%
Orlando Bane
38%
Pelicans Murphy
32%
Blazers Avidja
24%
Jazz Kessler
18%
Aucun quiz correspondant
Distribution des résultats
% des personnes avec chaque résultat
Percentile par nombre de réponses
Votre historique - résultats
Vous n’avez pas pris ce quiz